|
|
|
|
| LEADER |
00000nam a2200000Ia 4500 |
| 008 |
180918b2011 cr ||||| |||| 00| | spa d |
| 999 |
|
|
|c 2411
|d 2411
|
| 090 |
|
|
|a Archivo #12
|
| 100 |
|
|
|a Corrales Retana, Gloriana
|9 4251
|
| 245 |
1 |
0 |
|a Especialista habla de los índices de eficacia en centros educativos /
|c Gloriana Corrales Retana
|
| 260 |
|
|
|a San José, Costa Rica :
|b Universidad de Costa Rica,
|c 2011
|
| 300 |
|
|
|a 1 página Artículo
|
| 500 |
|
|
|a En: htpp://www.ucr.ac.cr/noticias/2011/02/04/especialista-habla-de-los-indices-de-eficacia-en-centros-educativos\II Congreso Internacional de Investigación Educativa
|
| 650 |
1 |
4 |
|a EDUCACIÓN
|9 1
|
| 650 |
1 |
4 |
|a CONFERENCIA
|9 506
|
| 856 |
|
|
|u https://www.ucr.ac.cr/noticias/2011/02/04/especialista-habla-de-los-indices-de-eficacia-en-centros-educativos.html
|
| 942 |
|
|
|i 002267
|h Archivo #12
|2 z
|c 07
|